Stanovy Pokladnice vzájomnej pomoci schválené predsedníctvom ÚV odborového sväzu zamestnancov v chemickom priemysle dňa 17. aug. 1956

Bibliographic Details
Format: Book
Language:Slovak
PhysicalDescription:16 s. 12°
Published: Bratislava Práca 1957
Subjects:

MARC

LEADER 00000cam a2200000 a 4500
001 vtls008322674
003 SK-MaSNL
005 20260311150341.0
008 200104s1957 xo 000 0 slo
015 |a SKSNBA1957/07-00974 
035 |a SK01SNK19570014891 
035 |a urn:nbn:sk:snk-am3hhx8 
035 |a C7CC3C4F-A5E6-44AF-92CE-86BF37D30C63 
035 |a urn:nbn:sk:snk-am00d0xk 
035 |a SKM000017354 
040 |a SNK  |b slo  |c SNK  |e AACR2 
041 0 |a slo 
043 |a e-cs--- 
044 |a xo  |c SK 
080 |a 331.881(437):66(060.13)  |2 1981 
080 |a 66  |2 2011 
080 |a (437)  |2 2011 
080 |a (062.13)  |2 2011 
245 0 0 |a Stanovy Pokladnice vzájomnej pomoci  |b schválené predsedníctvom ÚV odborového sväzu zamestnancov v chemickom priemysle dňa 17. aug. 1956 
260 |a Bratislava  |b Práca  |c 1957  |e Bratislava  |f [Polygrafické závody] 
300 |a 16 s.  |c 12° 
650 0 7 |a chemický priemysel  |2 SNKPH  |9 69615 
651 7 |a Československo  |2 SNKPH  |9 21376 
655 7 |a stanovy  |2 SNKPH  |9 70547 
852 |a Slovenská národná knižnica v Martine  |b 10000  |h SE 1833 
958 |a ONDV 
958 |a TL 
958 |a RK 
958 |a BQ 
999 |c 1164533  |d 1166463 
952 |a SNK  |b SNK  |y VYP  |7 0  |p 17A1189426  |o snkSE 1833 D1  |i snkKSP 1736/57  |0 0  |1 0  |4 0  |d 2018-02-24  |l 0  |r 2026-02-24 20:44:55  |w 2026-02-24 
952 |a SNK  |b SNK  |y PREZ  |7 0  |p 17A0733786  |o snkSE 1833  |i snkKSP 1735/57  |0 0  |1 0  |4 0  |d 2018-01-23  |f 1  |l 0  |r 2026-02-24 20:44:55  |w 2026-02-24